书目信息 |
| 题名: |
高可用信息系统原理与设计基础
|
|
| 作者: | 吕华辉 , 盛斌 编著 | |
| 分册: | ||
| 出版信息: | 上海 上海交通大学出版社 2018.11 |
|
| 页数: | 150页 | |
| 开本: | 26cm | |
| 丛书名: | 大数据与计算机科学系列 | |
| 单 册: | ||
| 中图分类: | U491 | |
| 科图分类: | ||
| 主题词: | 城市交通--cheng shi jiao tong--数据处理--研究 | |
| 电子资源: | ||
| ISBN: | 978-7-313-19235-6 | |
| 000 | 01424nam 2200289 450 | |
| 001 | 202019132956 | |
| 005 | 20190921113344.0 | |
| 010 | @a978-7-313-19235-6@dCNY32.00 | |
| 100 | @a20190916d2018 em y0chiy50 ea | |
| 101 | 0 | @achi |
| 102 | @aCN@b310000 | |
| 105 | @aak a 000yy | |
| 106 | @ar | |
| 200 | 1 | @a高可用信息系统原理与设计基础@Agao ke yong xin xi xi tong yuan li yu she ji ji chu@f吕华辉, 盛斌编著 |
| 210 | @a上海@c上海交通大学出版社@d2018.11 | |
| 215 | @a150页@c图@d26cm | |
| 225 | 2 | @a大数据与计算机科学系列@Ada shu ju yu ji suan ji ke xue xi lie |
| 300 | @a大数据技术与应用方向 | |
| 320 | @a有书目 (第149-150页) | |
| 330 | @a本书旨在通过针对电网信息系统的高可用性探究来介绍信息系统高可用性。并对如何保证和提高信息系统的高可用性做了深入的探究和理论分析。全书共为6章。第1章详细介绍了高可用性的基本定义以及常用的PTO和PRO。第2章阐述了如何提高系统高可用性的基本思路与途径。第3章详细介绍了有关提高信息系统高可用性的国内外关键性技术。第4章我们提出了一些信息系统的优秀高可用设计。第5章分析了各个行业里所使用的信息高可用性技术设计, 并详细介绍了酒泉风电基地风电监测系统的高可用性设计。第6章里介绍了信息系统高可用性运维监控技术相关。 | |
| 410 | 0 | @12001 @a大数据与计算机科学系列 |
| 606 | 0 | @a城市交通@Acheng shi jiao tong@x数据处理@x研究 |
| 690 | @aU491@v5 | |
| 701 | 0 | @a吕华辉@Alu^ hua hui@4编著 |
| 701 | 0 | @a盛斌@Asheng bin@4编著 |
| 801 | 0 | @aCN@c20190905 |
| 905 | @a河南城建学院图书馆@dU491@eL890 | |
| 高可用信息系统原理与设计基础/吕华辉, 盛斌编著.-上海:上海交通大学出版社,2018.11 |
| 150页:图;26cm.-(大数据与计算机科学系列) |
| 大数据技术与应用方向 |
| ISBN 978-7-313-19235-6:CNY32.00 |
| 本书旨在通过针对电网信息系统的高可用性探究来介绍信息系统高可用性。并对如何保证和提高信息系统的高可用性做了深入的探究和理论分析。全书共为6章。第1章详细介绍了高可用性的基本定义以及常用的PTO和PRO。第2章阐述了如何提高系统高可用性的基本思路与途径。第3章详细介绍了有关提高信息系统高可用性的国内外关键性技术。第4章我们提出了一些信息系统的优秀高可用设计。第5章分析了各个行业里所使用的信息高可用性技术设计, 并详细介绍了酒泉风电基地风电监测系统的高可用性设计。第6章里介绍了信息系统高可用性运维监控技术相关。 |
| ● |
| 相关链接 |
|
|
|
正题名:高可用信息系统原理与设计基础
索取号:U491/L890
 
预约/预借
| 序号 | 登录号 | 条形码 | 馆藏地/架位号 | 状态 | 备注 |
| 1 | 1439927 | 214399275 | 自科库501/501自科库 88排2列4层/ [索取号:U491/L890] | 在馆 | |
| 2 | 1439928 | 214399284 | 自科库501/501自科库 88排2列4层/ [索取号:U491/L890] | 在馆 |